| 000 | 00832nam a2200301Ia 4500 | ||
|---|---|---|---|
| 001 | 71248 | ||
| 003 | IT-RoPAU | ||
| 008 | 130308s9999 xx 000 0 und d | ||
| 040 | _aIT-RoPAU | ||
| 040 | _cIT-RoPAU | ||
| 041 | _aPORTOGHESE | ||
| 100 | _aLemos Alcides | ||
| 100 | _gCodice Aut. SPICS: 24378 | ||
| 245 | _aCartas de leitores. Cartas (ainda) fechadas | ||
| 245 | _bComunicacao e consciencia Critica | ||
| 250 | _a1a ed. | ||
| 260 | _aSAO PAULO | ||
| 260 | _bEdicoes Loyola | ||
| 260 | _c1979 [1° Ed.:1979 - Ed.Ling.Originale:1978] | ||
| 300 | _a"23 p. (prefazione: no ; testo: 23 [pagine: 191-213])" | ||
| 500 | _aCorrispondenze lettere dei Lettori | ||
| 650 | _aSAGGI DI COMUNICAZIONE SOCIALE | ||
| 650 | _eCodice materia Spics: 3807 | ||
| 942 | _cBK | ||
| 957 | _71 | ||
| 999 |
_c44726 _d44726 |
||
| 999 | _bSI | ||
| 999 | _g1 | ||